书目信息 |
| 题名: |
字调和语调
|
|
| 作者: | 殷焕先 编 | |
| 分册: | ||
| 出版信息: | 上海 上海教育出版社 1984 |
|
| 页数: | 90页 | |
| 开本: | 19cm | |
| 丛书名: | 汉语知识讲话 | |
| 单 册: | ||
| 中图分类: | H116.1 | |
| 科图分类: | ||
| 主题词: | 汉语--语音 , 汉语--音韵学 | |
| 电子资源: | ||
| ISBN: | ||
| 000 | 00717nam2 2200277 45 | |
| 001 | 0184003434 | |
| 005 | 20040301104741.2 | |
| 010 | @dCNY0.26 | |
| 091 | @a7150.3270 | |
| 100 | @a19950516d1984 em y0chiy0121 ea | |
| 101 | 0 | @achi |
| 102 | @aCN@b310000 | |
| 105 | @ay z 000yy | |
| 106 | @ar | |
| 200 | 10 | @a字调和语调@Azi diao he yu diao@f殷焕先编 |
| 210 | @a上海@c上海教育出版社@d1984 | |
| 215 | @a90页@d19cm | |
| 225 | 2 | @a汉语知识讲话 |
| 410 | 0 | @120010@a汉语知识讲话 |
| 606 | 0 | @a汉语@x语音 |
| 606 | 0 | @a汉语@x音韵学 |
| 690 | @aH116.1 | |
| 701 | 0 | @a殷焕先@Ayin huan xian@4编 |
| 801 | 0 | @aCN@b上海图书馆@c20040301 |
| 801 | 2 | @aCN@bNLC@c20040301 |
| 905 | @f4@b127919-922@dH116.1@e22@b127904@f1 | |
| 字调和语调/殷焕先编.-上海:上海教育出版社,1984 |
| 90页;19cm.-(汉语知识讲话) |
| ISBN :CNY0.26 |
| ● |
| 相关链接 |
|
|
|
|
正题名:字调和语调
索取号:H116.1/22
 
预约/预借
| 序号 | 登录号 | 条形码 | 馆藏地/架位号 | 状态 | 备注 |
| 1 | 0127919 | 001877179 | 密集书库/ [索取号:H116.1/22] | 在馆 | |
| 2 | 0127920 | 001877133 | 密集书库/ [索取号:H116.1/22] | 在馆 | |
| 3 | 0127921 | 001877099 | 密集书库/ [索取号:H116.1/22] | 在馆 | |
| 4 | 0127922 | 001877053 | 密集书库/ [索取号:H116.1/22] | 在馆 |